Česká národní banka výroční zpráva 2000

Gespeichert in:
Bibliographische Detailangaben
Format: Buch
Sprache:Tschechisch
Veröffentlicht: Praha Česká národní banka [2001]
Schlagworte:
Tags: Tag hinzufügen
Keine Tags, Fügen Sie das erste Tag hinzu!

MARC

LEADER 00000nam a2200000 4500
001 c124957
005 20221108091741.3
041 0 |a cze 
044 |a CZ 
245 1 0 |a Česká národní banka  |b výroční zpráva 2000 
264 1 |a Praha  |b Česká národní banka  |c [2001] 
300 |a 92 s.  |e 1 CD ROM 
610 2 0 |a banky 
610 2 0 |a bilancie 
610 2 0 |a závierka účtovná 
610 2 0 |a politika menová 
610 2 0 |a vývoj hospodársky 
610 2 0 |a financie verejné 
610 2 0 |a trh finančný 
610 2 0 |a peniaze 
610 2 0 |a obeh peňažný 
610 2 0 |a styk platobný 
610 2 0 |a ČNB Praha 
610 2 0 |a Česko 
610 2 0 |a 2000